Beginning mobile application development in the cloud (Record no. 11950)
[ view plain ]
| 000 -LEADER | |
|---|---|
| fixed length control field | 00736nam a22002415a 4500 |
| 001 - CONTROL NUMBER | |
| control field | 16925911 |
| 005 - DATE AND TIME OF LATEST TRANSACTION | |
| control field | 20170105102351.0 |
| 008 - FIXED-LENGTH DATA ELEMENTS--GENERAL INFORMATION | |
| fixed length control field | 110818s2011 inu 000 0 eng |
| 010 ## - LIBRARY OF CONGRESS CONTROL NUMBER | |
| LC control number | 2011936907 |
| 020 ## - INTERNATIONAL STANDARD BOOK NUMBER | |
| International Standard Book Number | 9781118034699 (pbk : alk. paper) |
| 020 ## - INTERNATIONAL STANDARD BOOK NUMBER | |
| International Standard Book Number | 1118034694 (pbk : alk. paper) |
| 040 ## - CATALOGING SOURCE | |
| Original cataloging agency | DLC |
| Transcribing agency | DLC |
| 042 ## - AUTHENTICATION CODE | |
| Authentication code | pcc |
| 082 ## - DEWEY DECIMAL CLASSIFICATION NUMBER | |
| Classification number | 004.16 |
| 100 1# - MAIN ENTRY--PERSONAL NAME | |
| Personal name | Rodger, Richard Luna. |
| 245 10 - TITLE STATEMENT | |
| Title | Beginning mobile application development in the cloud |
| Statement of responsibility, etc. | Richard Rodger, Marcus Pinto, Mark Schill. |
| 260 ## - PUBLICATION, DISTRIBUTION, ETC. | |
| Place of publication, distribution, etc. | Indianapolis, IN : |
| Name of publisher, distributor, etc. | WIley Pubishing, Inc., |
| Date of publication, distribution, etc. | 2011. |
| 263 ## - PROJECTED PUBLICATION DATE | |
| Projected publication date | 1110 |
| 300 ## - PHYSICAL DESCRIPTION | |
| Extent | xxi, 523p.: |
| Dimensions | 26 cm |
| 906 ## - LOCAL DATA ELEMENT F, LDF (RLIN) | |
| a | 0 |
| b | ibc |
| c | orignew |
| d | 2 |
| e | epcn |
| f | 20 |
| g | y-gencatlg |
| 942 ## - ADDED ENTRY ELEMENTS (KOHA) | |
| Source of classification or shelving scheme | |
| Koha item type | Book |
| Withdrawn status | Lost status | Damaged status | Not for loan | Collection code | Permanent Location | Current Location | Shelving location | Date acquired | Source of acquisition | Cost, normal purchase price | Total Checkouts | Full call number | Barcode | Date last seen | Date last checked out | Price effective from | Koha item type |
|---|---|---|---|---|---|---|---|---|---|---|---|---|---|---|---|---|---|
| Central Library (CL) | Central Library (CL) | First Floor - Computer Science | 06/26/2013 | Multi-Line Books | 2537.01 | 1 | 004.16 ROD | SEECS012592 | 12/23/2015 | 02/17/2014 | 06/26/2013 | Book |
